Sports Quiz

Random Sports or Tennis Quiz
Score 0/13 Timer 05:00
7 Plays Today
% Correct
Ice Hockey
98.4%
Baseball
90.4%
Tennis
89.8%
Pro Wrestling
89.1%
Soccer
89%
Boxing
88.8%
American Football
87.2%
Basketball
87.1%
Volleyball
86.8%
Cricket
83.6%
Rugby
73.6%
Mixed Martial Arts
73.3%
Aussie Rules Football
46.8%
Remove Ads.
Support Sporcle.
Get the best of Sporcle when you Go Orange. This ad-free experience offers more features, more stats, and more fun while also helping to support Sporcle. Thank you for becoming a member.

You're not logged in!

Compare scores with friends on all Sporcle quizzes.
OR
Log In

Sporcle TV

Today on Sporcle TV


Watch our educational content, quiz creation guides, and fun videos on Sporcle TV.

Show Comments

Extras

Top Quizzes Today


Score Distribution

Paid Content

Your Account Isn't Verified!

In order to create a playlist on Sporcle, you need to verify the email address you used during registration. Go to your Sporcle Settings to finish the process.

Report this User

Report this user for behavior that violates our Community Guidelines.

Details: